Environmental physics / (Record no. 5121)
[ view plain ]
| 000 -LEADER | |
|---|---|
| fixed length control field | 00735cam a22002412 4500 |
| 001 - CONTROL NUMBER | |
| control field | 0000001173 |
| 005 - DATE AND TIME OF LATEST TRANSACTION | |
| control field | 20151217151808.0 |
| 008 - FIXED-LENGTH DATA ELEMENTS--GENERAL INFORMATION | |
| fixed length control field | 070227s xx 000 0 eng d |
| 020 ## - INTERNATIONAL STANDARD BOOK NUMBER | |
| International Standard Book Number | 0471997803 : |
| 040 ## - CATALOGING SOURCE | |
| Original cataloging agency | KABU |
| Transcribing agency | KABU |
| 050 #0 - LIBRARY OF CONGRESS CALL NUMBER | |
| Classification number | GE105 |
| Item number | .B64 1999 |
| 100 1# - MAIN ENTRY--PERSONAL NAME | |
| Personal name | Boeker, Egbert. |
| -- | 0000149733 |
| 245 10 - TITLE STATEMENT | |
| Title | Environmental physics / |
| Statement of responsibility, etc. | Edbert Boeker and Rienk van Grondelle. |
| 250 ## - EDITION STATEMENT | |
| Edition statement | 2nd ed. |
| 260 ## - PUBLICATION, DISTRIBUTION, ETC. (IMPRINT) | |
| Place of publication, distribution, etc. | New York : |
| Name of publisher, distributor, etc. | John Wiley, |
| Date of publication, distribution, etc. | 1999. |
| 300 ## - PHYSICAL DESCRIPTION | |
| Extent | xiii, 442 p. |
| 650 #0 - SUBJECT ADDED ENTRY--TOPICAL TERM | |
| Topical term or geographic name as entry element | Environmental sciences. |
| -- | 0000058483 |
| 650 #0 - SUBJECT ADDED ENTRY--TOPICAL TERM | |
| Topical term or geographic name as entry element | Atmospheric physics. |
| -- | 0000149734 |
| 700 1# - ADDED ENTRY--PERSONAL NAME | |
| Personal name | van Grondelle, Rienk. |
| -- | 0000149735 |
| 852 1# - LOCATION | |
| -- | p6900 KES |
| 908 ## - PUT COMMAND PARAMETER (RLIN) | |
| Put command parameter | 070227 |
| 950 ## - LOCAL HOLDINGS (RLIN) | |
| -- | 1 |
| Withdrawn status | Lost status | Source of classification or shelving scheme | Not for loan | Home library | Current library | Date acquired | Total Checkouts | Full call number | Barcode | Date last seen | Price effective from | Koha item type |
|---|---|---|---|---|---|---|---|---|---|---|---|---|
| Library of Congress Classification | Kabarak, Main Campus | Kabarak, Main Campus | 17/12/2015 | GE105 .B64 1999 c. 1 | 000125 | 17/12/2015 | 17/12/2015 | General Collection | ||||
| Library of Congress Classification | Kabarak, Main Campus | Kabarak, Main Campus | 17/12/2015 | GE105 .B64 1999 c. 2 | 16445 | 17/12/2015 | 17/12/2015 | General Collection |